A Diplomacy of the Oppressed: (Record no. 5952)
[ view plain ]
| 000 -LEADER | |
|---|---|
| fixed length control field | 00552cam a2200205 a 4500 |
| 001 - CONTROL NUMBER | |
| control field | 4915790 |
| 005 - DATE AND TIME OF LATEST TRANSACTION | |
| control field | 20250120030345.0 |
| 008 - FIXED-LENGTH DATA ELEMENTS--GENERAL INFORMATION | |
| fixed length control field | 940714s1995 enk b 001 0 eng d |
| 020 ## - INTERNATIONAL STANDARD BOOK NUMBER | |
| ISBN | 1856491447 |
| 040 ## - CATALOGING SOURCE (பட்டியலாக்க மூலம்) | |
| Original cataloging agency | UkNcU |
| Transcribing agency | UkNcU |
| Modifying agency | DLC |
| 082 00 - DDC Classification | |
| Class No. | 305.42 |
| DDC Edition Number | 6904 |
| Item Number - Author Mark | ASH |
| 245 02 - TITLE STATEMENT | |
| Title | A Diplomacy of the Oppressed: |
| Remainder of title | New Directions in International Feminism |
| 260 ## - PUBLICATION, DISTRIBUTION, ETC. | |
| Place of publication, distribution, etc. | London |
| -- | New Jersey |
| Name of publisher, distributor, etc. | Zed Books |
| Date of publication, distribution, etc. | 1995. |
| 300 ## - PHYSICAL DESCRIPTION | |
| Extent (e.g. Volumes, Pages etc.) | viii, 248 p., |
| 650 #0 - SUBJECT ADDED ENTRY--TOPICAL TERM | |
| Topical term or geographic name entry element | Feminism |
| 650 #0 - SUBJECT ADDED ENTRY--TOPICAL TERM | |
| Topical term or geographic name entry element | Women |
| 650 #0 - SUBJECT ADDED ENTRY--TOPICAL TERM | |
| Topical term or geographic name entry element | International |
| 700 1# - ADDED ENTRY--PERSONAL NAME | |
| Personal name | Ashworth, G |
| Relator term (Role) | Editor |
| 942 ## - Koha item type (Biblio) | |
| Koha item type | Books in Stacks (Lending) |
| Lost status | Damaged status | Collection code | Home library | Current library | Date acquired | Full call number | Accession Number | Item type |
|---|---|---|---|---|---|---|---|---|
| Lending | WERC Library | WERC Library | 01/20/2025 | 305.42 ASH | 6904 | Books in Stacks (Lending) |
